000 00749nam a22001337a 4500
008 110616t xxu||||| |||| 00| 0 eng d
010 _aCACAF47
245 _aCourt of Appeal Criminal Appeal No. 278 OF 2003 Sande Martin Vs Uganda
260 _c2003
500 _aCoram: Hon. Justice A.E.N. Mpagi-Bahigeine, JA Hon. Justice S.G. Engwau, JA Hon. Justice C.N.B. Kitumba, JA
500 _aAppeal from the conviction and sentence of the High Court at Tororo Mwondha, J dated 24/3/2003 in Criminal Session Case No. 254 of 2003
999 _c3132
_d3132